Quantum wells and superlattices in optoelectronic devices and integrated optics : 17-18 November 1987, Cannes, France /

Bibliographic Details
Corporate Author: Society of Photo-optical Instrumentation Engineers
Other Authors: Adams, Alfred R.
Format: Book
Language:English
Published: Bellingham, Wash. : SPIE, [1988]
Series:Proceedings of SPIE--the International Society for Optical Engineering ; v. 861.
Subjects:
Online Access:https://www.spiedigitallibrary.org/conference-proceedings-of-SPIE/0861.toc

MARC

Tag First Indicator Second Indicator Subfields
LEADER 00000cam a22000007a 4500
001 in00000031952
005 20230410174331.1
008 880623s1988 waua b 101 0 eng d
010 |a  87063508  
020 |a 0892528966 
035 |a (OCoLC)18125722 
035 |9 AAB6854AM 
040 |a ADD  |c ADD  |d TXA  |d UtOrBLW 
049 |a TXAM  |c [A11531655] 
050 4 |a QC176.8.E4  |b Q83 1988 
245 0 0 |a Quantum wells and superlattices in optoelectronic devices and integrated optics :  |b 17-18 November 1987, Cannes, France /  |c Alfred R. Adams, chair/editor ; organized by Europtica-Services I.C., SPIE--The International Society for Optical Engineering. 
264 1 |a Bellingham, Wash. :  |b SPIE,  |c [1988] 
264 4 |c ©1988 
300 |a viii, 134 pages :  |b illustrations ;  |c 28 cm. 
336 |a text  |b txt  |2 rdacontent 
337 |a unmediated  |b n  |2 rdamedia 
338 |a volume  |b nc  |2 rdacarrier 
490 1 |a Proceedings SPIE ;  |v v. 861 
650 0 |a Quantum wells  |v Congresses. 
650 0 |a Superlattices as materials  |v Congresses. 
650 0 |a Optoelectronic devices. 
650 0 |a Integrated optics. 
700 1 |a Adams, Alfred R. 
710 2 |a Society of Photo-optical Instrumentation Engineers. 
830 0 |a Proceedings of SPIE--the International Society for Optical Engineering ;  |v v. 861. 
856 4 1 |u https://www.spiedigitallibrary.org/conference-proceedings-of-SPIE/0861.toc  |t 0 
999 |a MARS 
999 f f |s 241a8bc1-ef67-3435-8bcc-f0c115ddc009  |i d15d8e3a-792a-316e-902a-4daed14ef839  |t 0 
952 f f |p normal  |a Texas A&M University  |b College Station  |c Sterling C. Evans Library  |d Evans: Library Stacks  |t 0  |e QC176.8.E4 Q83 1988  |h Library of Congress classification  |i unmediated -- volume  |m A14811531655 
998 f f |a QC176.8.E4 Q83 1988  |t 0  |l Evans: Library Stacks